[Event "Medellin Aristizabal Cup"]
[Site "Medellin"]
[Date "2016.05.21"]
[Round "4"]
[White "Gomez Marin, Fernando Antonio"]
[Black "Rendon, Daniel"]
[Result "1-0"]
[WhiteElo "1578"]
[BlackElo "2006"]
[PlyCount "39"]
[EventDate "2016.05.18"]
[EventType "swiss"]
[EventRounds "7"]
[EventCountry "COL"]
[SourceTitle "CBM 172 Extra"]
[Source "ChessBase"]
[SourceDate "2016.06.21"]
[SourceVersion "1"]
[SourceVersionDate "2016.06.21"]
[SourceQuality "1"]

1. d4 d5 2. e3 g6 3. Bd3 Bg7 4. f4 Nc6 5. c3 f6 6. Nf3 e5 7. fxe5 Bg4 8. Qc2 Nge7 9. exf6 Bxf6 10. 0-0 0-0 11. Nbd2 Bg7 12. e4 dxe4 13. Bxe4 Kh8 14. h3 Bf5 15. Ng5 Nd5 16. Ndf3 Qd7 17. Bxf5 gxf5 18. Nh4 Nde7 19. g4 fxg4 20. Qxh7# 1-0

[Event "Medellin Aristizabal Cup"]
[Site "Medellin"]
[Date "2016.05.19"]
[Round "2"]
[White "Norena Marin, Jeronimo"]
[Black "Rendon, Daniel"]
[Result "1-0"]
[WhiteElo "1195"]
[BlackElo "2006"]
[PlyCount "41"]
[EventDate "2016.05.18"]
[EventType "swiss"]
[EventRounds "7"]
[EventCountry "COL"]
[SourceTitle "CBM 172 Extra"]
[Source "ChessBase"]
[SourceDate "2016.06.21"]
[SourceVersion "1"]
[SourceVersionDate "2016.06.21"]
[SourceQuality "1"]

1. e4 e5 2. Nf3 Nc6 3. Bc4 Nf6 4. Nc3 Nxe4 5. Nxe4 d5 6. Bd3 dxe4 7. Bxe4 Bc5 8. 0-0 0-0 9. d3 Be6 10. Ng5 h6 11. Qh5 Kh8 12. Nh7 Rg8 13. Bxh6 g6 14. Qf3 Kxh7 15. Bd2 Nd4 16. Qg3 Nxc2 17. Bg5 f6 18. Qh4+ Kg7 19. Qh6+ Kf7 20. Qh7+ Rg7 21. Bxg6+ 1-0

[Event "Medellin Castro Memorial"]
[Site "Medellin"]
[Date "2015.05.01"]
[Round "3"]
[White "Rendon, Daniel"]
[Black "Alvarez Estrada, Jairo"]
[Result "0-1"]
[WhiteElo "2006"]
[BlackElo "1812"]
[PlyCount "46"]
[EventDate "2015.04.30"]
[EventType "swiss"]
[EventRounds "7"]
[EventCountry "COL"]
[SourceTitle "CBM 166 Extra"]
[Source "ChessBase"]
[SourceDate "2015.06.18"]
[SourceVersion "1"]
[SourceVersionDate "2015.06.18"]
[SourceQuality "1"]

1. e4 c5 2. Nf3 e6 3. b3 a6 4. Bb2 d6 5. d4 b6 6. Bd3 Qc7 7. 0-0 Nd7 8. Re1 Bb7 9. Nbd2 cxd4 10. Nxd4 Ngf6 11. Bc4 Ne5 12. Bxe6 fxe6 13. Nxe6 Qf7 14. Nxf8 Rxf8 15. Bxe5 dxe5 16. Nc4 Qc7 17. Qd6 Rf7 18. Qxb6 Qxb6 19. Nxb6 Rd8 20. f3 Rd2 21. Rad1 Rxc2 22. Nc4 Rc7 23. Nxe5 Rxa2 0-1

[Event "Medellin Easter op"]
[Site "Medellin"]
[Date "2015.??.??"]
[Round "7"]
[White "Soto, Miguel Angel"]
[Black "Rendon, Daniel"]
[Result "1-0"]
[WhiteElo "1999"]
[BlackElo "2076"]
[PlyCount "65"]
[EventDate "2015.04.01"]
[EventType "swiss"]
[EventRounds "9"]
[EventCountry "COL"]
[SourceTitle "CBM 165 Extra"]
[Source "ChessBase"]
[SourceDate "2015.04.21"]
[SourceVersion "1"]
[SourceVersionDate "2015.04.21"]
[SourceQuality "1"]

1. e4 e5 2. Nf3 Nc6 3. Bb5 a6 4. Ba4 Nf6 5. d3 Be7 6. 0-0 0-0 7. c3 d5 8. Qe2 b5 9. Bc2 Bb7 10. Rd1 Re8 11. Nbd2 Qd6 12. Nf1 Rad8 13. Ng3 Bf8 14. Bg5 h6 15. Nf5 Qe6 16. Be3 d4 17. cxd4 exd4 18. Bb3 dxe3 19. Bxe6 fxe6 20. Nxe3 e5 21. Rac1 Rd6 22. Nf5 Rd7 23. a3 Red8 24. Rxc6 Bxc6 25. Nxe5 Bxe4 26. Nxh6+ gxh6 27. Nxd7 Rxd7 28. dxe4 Re7 29. e5 Bg7 30. e6 c6 31. Rd8+ Kh7 32. Qd3+ Ne4 33. Qxe4# 1-0

[Event "COL-ch U16"]
[Site "Cali"]
[Date "2011.05.25"]
[Round "2.3"]
[White "Rendon, Daniel"]
[Black "Barros, Raul Junior"]
[Result "1/2-1/2"]
[WhiteElo "2062"]
[BlackElo "2111"]
[PlyCount "59"]
[EventDate "2011.05.25"]
[EventType "tourn"]
[EventRounds "9"]
[EventCountry "COL"]
[SourceTitle "EXT 2024"]
[Source "ChessBase"]
[SourceDate "2023.10.10"]
[SourceVersion "1"]
[SourceVersionDate "2023.10.10"]
[SourceQuality "1"]

1. e4 d5 2. exd5 Nf6 3. c4 c6 4. d4 cxd5 5. Nc3 Nc6 6. Nf3 Bg4 7. cxd5 Nxd5 8. Qb3 Bxf3 9. gxf3 e6 10. Qxb7 Nxd4 11. Bb5+ Nxb5 12. Qc6+ Ke7 13. Qxb5 Nxc3 14. bxc3 Qb6 15. Rb1 Qxb5 16. Rxb5 a6 17. Rb7+ Kf6 18. Rg1 h6 19. Be3 Bd6 20. f4 Rab8 21. Bd4+ e5 22. fxe5+ Bxe5 23. Bxe5+ Kxe5 24. Rxb8 Rxb8 25. Rxg7 Kf6 26. Rg3 Rb1+ 27. Ke2 Rb2+ 28. Ke3 Rxa2 29. Rf3+ Ke6 30. Kd4 1/2-1/2

[Event "Medellin op"]
[Site "Medellin"]
[Date "2011.04.??"]
[Round "4"]
[White "Chirivi Castiblanco, Angie Lizeth"]
[Black "Rendon, Daniel"]
[Result "1-0"]
[WhiteElo "1945"]
[BlackElo "2130"]
[PlyCount "61"]
[EventDate "2011.04.??"]
[EventType "swiss"]
[EventRounds "9"]
[EventCountry "COL"]
[SourceTitle "CBM 142 Extra"]
[Source "ChessBase"]
[SourceDate "2011.06.27"]
[SourceVersion "1"]
[SourceVersionDate "2011.06.27"]
[SourceQuality "1"]

1. e4 e5 2. Nf3 Nc6 3. d4 exd4 4. Nxd4 Nf6 5. Nxc6 bxc6 6. Nc3 d5 7. exd5 cxd5 8. Bb5+ Bd7 9. Bxd7+ Qxd7 10. 0-0 0-0-0 11. Qd3 c6 12. b4 Bd6 13. Rb1 d4 14. Ne4 Nd5 15. Nxd6+ Qxd6 16. a4 Rhe8 17. b5 c5 18. a5 Nc3 19. b6 Rd7 20. Rb3 Qc6 21. bxa7 Rxa7 22. Rb6 Qd5 23. Bd2 Ne2+ 24. Kh1 c4 25. Qh3+ Kc7 26. Qg4 Re4 27. Qf3 c3 28. Bg5 f5 29. Qh5 Rxa5 30. Rfb1 Nc1 31. Bf4+ 1-0

[Event "Medellin op"]
[Site "Medellin"]
[Date "2011.04.??"]
[Round "8"]
[White "Rendon, Daniel"]
[Black "Maldonado, Hector"]
[Result "1-0"]
[WhiteElo "2130"]
[BlackElo "2020"]
[PlyCount "59"]
[EventDate "2011.04.??"]
[EventType "swiss"]
[EventRounds "9"]
[EventCountry "COL"]
[SourceTitle "CBM 142 Extra"]
[Source "ChessBase"]
[SourceDate "2011.06.27"]
[SourceVersion "1"]
[SourceVersionDate "2011.06.27"]
[SourceQuality "1"]

1. e4 e5 2. Nf3 d6 3. d4 Bg4 4. dxe5 Nc6 5. Bb5 Bxf3 6. Qxf3 dxe5 7. Nc3 Bb4 8. Qg3 Bxc3+ 9. bxc3 Qf6 10. 0-0 Nge7 11. Bg5 Qg6 12. Qh4 f6 13. Be3 0-0 14. Rfd1 Rfd8 15. f3 Kh8 16. Bc4 Na5 17. Bb3 b6 18. Qh3 Nxb3 19. cxb3 f5 20. Qh4 Qe8 21. Rxd8 Rxd8 22. Bg5 Ng6 23. Qe1 Rd3 24. exf5 Nf8 25. Rd1 Rxd1 26. Qxd1 Nd7 27. Qd5 h6 28. Qe6 Qh5 29. Be3 Qh4 30. Qe8+ 1-0

[Event "Medellin op"]
[Site "Medellin"]
[Date "2011.04.??"]
[Round "3"]
[White "Rendon, Daniel"]
[Black "Nino, Juan Camilo"]
[Result "0-1"]
[WhiteElo "2130"]
[BlackElo "2030"]
[PlyCount "62"]
[EventDate "2011.04.??"]
[EventType "swiss"]
[EventRounds "9"]
[EventCountry "COL"]
[SourceTitle "CBM 142 Extra"]
[Source "ChessBase"]
[SourceDate "2011.06.27"]
[SourceVersion "1"]
[SourceVersionDate "2011.06.27"]
[SourceQuality "1"]

1. e4 e6 2. d3 d5 3. Nd2 b6 4. exd5 exd5 5. Ngf3 Bd6 6. d4 Ne7 7. Bd3 Bf5 8. Nf1 0-0 9. Ne3 Bxd3 10. Qxd3 Nd7 11. 0-0 c6 12. Re1 Re8 13. Bd2 Nf6 14. b3 a5 15. c4 Ne4 16. Ng4 Nxd2 17. Qxd2 Ng6 18. Rxe8+ Qxe8 19. cxd5 cxd5 20. Rc1 Qe4 21. Ne3 a4 22. b4 Bf4 23. Rc3 b5 24. a3 Re8 25. Qd1 Bd6 26. g3 Ne7 27. Qe2 Kf8 28. Kg2 Nf5 29. Qxb5 Qxf3+ 30. Kxf3 Nxd4+ 31. Kg2 Nxb5 0-1

[Event "East Region-ch U16"]
[Site "Medellin"]
[Date "2011.03.24"]
[Round "5.1"]
[White "Posada, Juan Manuel"]
[Black "Rendon, Daniel"]
[Result "1/2-1/2"]
[WhiteElo "1982"]
[BlackElo "2130"]
[PlyCount "57"]
[EventDate "2011.03.24"]
[EventType "swiss"]
[EventRounds "6"]
[EventCountry "COL"]
[SourceTitle "EXT 2024"]
[Source "ChessBase"]
[SourceDate "2023.10.10"]
[SourceVersion "1"]
[SourceVersionDate "2023.10.10"]
[SourceQuality "1"]

1. c4 Nf6 2. g3 e6 3. Bg2 d5 4. cxd5 exd5 5. Nf3 Bd6 6. 0-0 0-0 7. d3 Re8 8. Nc3 c6 9. Rb1 Bf5 10. b4 a6 11. a4 Qe7 12. Nd4 Bg4 13. Qb3 Bc8 14. Nc2 Nbd7 15. e4 dxe4 16. dxe4 Nb6 17. Nd4 c5 18. bxc5 Bxc5 19. Be3 Ng4 20. Nf5 Bxf5 21. Bxc5 Qxc5 22. exf5 Nc4 23. Ne4 Rxe4 24. Bxe4 Nd2 25. Qxb7 Rf8 26. Rbc1 Qd6 27. Rcd1 Qh6 28. h4 Nxf1 29. Kxf1 1/2-1/2

[Event "COL-ch IRT U18 Zona West"]
[Site "Medellin"]
[Date "2011.03.19"]
[Round "3.1"]
[White "Torres, Juan Camilo"]
[Black "Rendon, Daniel"]
[Result "1-0"]
[WhiteElo "2227"]
[BlackElo "2130"]
[PlyCount "83"]
[EventDate "2011.03.19"]
[EventType "swiss"]
[EventRounds "6"]
[EventCountry "COL"]
[SourceTitle "EXT 2024"]
[Source "ChessBase"]
[SourceDate "2023.10.10"]
[SourceVersion "1"]
[SourceVersionDate "2023.10.10"]
[SourceQuality "1"]

1. d4 Nf6 2. Nf3 d5 3. c4 e6 4. Nc3 c6 5. e3 Nbd7 6. Qc2 Bd6 7. g4 Nxg4 8. Rg1 f5 9. h3 Ngf6 10. Rxg7 Ne4 11. Bd2 Qf6 12. Rg2 Nf8 13. 0-0-0 Bd7 14. Be1 Ng6 15. Be2 Bc7 16. Ne5 Nxe5 17. dxe5 Bxe5 18. Bh5+ Ke7 19. Nxe4 fxe4 20. Bb4+ Bd6 21. Bxd6+ Kxd6 22. Qxe4 Rhg8 23. f4 Kc7 24. Qc2 Rg7 25. Rxg7 Qxg7 26. Bg4 Qf7 27. Qc3 Rf8 28. Qe5+ Kc8 29. cxd5 exd5 30. Rg1 Rg8 31. Bxd7+ Kxd7 32. Rg4 Rxg4 33. hxg4 Qg6 34. g5 Qe6 35. Qg7+ Kc8 36. Qh8+ Kc7 37. Qxh7+ Kb6 38. Kd2 Qg4 39. Qd3 Qg2+ 40. Kc3 c5 41. a4 Qh1 42. Qb5+ 1-0

[Event "Bogota McGregor op 1st"]
[Site "Bogota"]
[Date "2010.12.07"]
[Round "8"]
[White "Rendon, Daniel"]
[Black "Ruiz Aguilar, Pablo Alexander"]
[Result "1-0"]
[WhiteElo "2110"]
[BlackElo "2306"]
[PlyCount "131"]
[EventDate "2010.12.03"]
[EventType "swiss"]
[EventRounds "10"]
[EventCountry "COL"]
[SourceTitle "CBM 139 Extra"]
[Source "ChessBase"]
[SourceDate "2011.01.05"]
[SourceVersion "1"]
[SourceVersionDate "2011.01.05"]
[SourceQuality "1"]

1. e4 c5 2. Nf3 e6 3. c4 a6 4. Nc3 d6 5. d4 cxd4 6. Nxd4 Nf6 7. Be2 Be7 8. 0-0 0-0 9. Be3 Qc7 10. Rc1 Nbd7 11. f4 Re8 12. Bf3 Nf8 13. g4 h6 14. h4 g5 15. hxg5 hxg5 16. f5 d5 17. Kg2 dxe4 18. Bxe4 Nxe4 19. Nxe4 Qe5 20. Qf3 exf5 21. Nxf5 Bxf5 22. Qxf5 Qxf5 23. Rxf5 Ng6 24. Bf2 Red8 25. Rc2 Nf4+ 26. Kf3 Rd3+ 27. Be3 Re8 28. Rc3 Bd8 29. Rxd3 Nxd3 30. Nd6 Ne5+ 31. Ke4 Re6 32. Rxe5 Rxd6 33. c5 Rd7 34. Rd5 Re7+ 35. Kd3 Bc7 36. Rxg5+ Kh7 37. Bd4 Rd7 38. Kc4 Bf4 39. Rf5 Bh6 40. b4 Kg6 41. a4 Bg5 42. b5 axb5+ 43. axb5 Rc7 44. Be5 Rc8 45. Kd5 Be7 46. Bd6 Rd8 47. Ke5 Bh4 48. Rf3 Re8+ 49. Kd5 Re1 50. Rd3 Rb1 51. Kc4 Be1 52. c6 bxc6 53. bxc6 Rc1+ 54. Kd5 Ba5 55. Bf4 Rc2 56. Kd6 Rc4 57. Bd2 Bb6 58. Be3 Ba5 59. Rd5 Be1 60. Bd4 Bb4+ 61. Kd7 Ba5 62. Bf2 Bd8 63. Rd6+ Bf6 64. c7 Rxc7+ 65. Kxc7 Kg5 66. Bh4+ 1-0

[Event "Bogota McGregor op 1st"]
[Site "Bogota"]
[Date "2010.12.04"]
[Round "2"]
[White "Rendon, Daniel"]
[Black "Martinez, Armando"]
[Result "1-0"]
[WhiteElo "2110"]
[BlackElo "2048"]
[PlyCount "79"]
[EventDate "2010.12.03"]
[EventType "swiss"]
[EventRounds "10"]
[EventCountry "COL"]
[SourceTitle "CBM 139 Extra"]
[Source "ChessBase"]
[SourceDate "2011.01.05"]
[SourceVersion "1"]
[SourceVersionDate "2011.01.05"]
[SourceQuality "1"]

1. e4 e5 2. Nf3 d6 3. d4 exd4 4. Nxd4 Nf6 5. f3 Bd7 6. c4 Nc6 7. Nc3 Nxd4 8. Qxd4 Be7 9. Be3 a6 10. Be2 Bc6 11. 0-0-0 Qd7 12. Kb1 Qe6 13. Nd5 Bxd5 14. cxd5 Qc8 15. Rc1 0-0 16. Qc3 c5 17. dxc6 bxc6 18. Qxc6 a5 19. Qxc8 Rfxc8 20. Rxc8+ Rxc8 21. Rc1 Rxc1+ 22. Kxc1 d5 23. e5 Nd7 24. f4 Nc5 25. Bf3 d4 26. Bxd4 Nd3+ 27. Kc2 Nxf4 28. a3 Bd8 29. Kb3 Bc7 30. Kc4 Ne6 31. Bc3 Kf8 32. Kd5 Ke7 33. Kc6 g6 34. b4 axb4 35. axb4 Kd8 36. b5 Kc8 37. Bg4 Kd8 38. b6 Bxb6 39. Bxe6 Bg1 40. Bxf7 1-0

[Event "Bogota McGregor op 1st"]
[Site "Bogota"]
[Date "2010.12.04"]
[Round "3"]
[White "Zapata, Alonso"]
[Black "Rendon, Daniel"]
[Result "1-0"]
[WhiteElo "2482"]
[BlackElo "2110"]
[PlyCount "51"]
[EventDate "2010.12.03"]
[EventType "swiss"]
[EventRounds "10"]
[EventCountry "COL"]
[SourceTitle "CBM 139 Extra"]
[Source "ChessBase"]
[SourceDate "2011.01.05"]
[SourceVersion "1"]
[SourceVersionDate "2011.01.05"]
[SourceQuality "1"]

1. e4 e5 2. Nf3 Nc6 3. Bb5 a6 4. Bxc6 dxc6 5. 0-0 f6 6. d4 exd4 7. Nxd4 c5 8. Ne2 Qxd1 9. Rxd1 Bd7 10. Bf4 0-0-0 11. Nbc3 Ne7 12. Bg3 Re8 13. Nf4 Nc6 14. Nfd5 Ne5 15. h3 c4 16. Ne3 b5 17. a4 Bc6 18. axb5 axb5 19. Nf5 b4 20. Nd5 Kb7 21. Ra5 Bxd5 22. Rdxd5 c6 23. Rd1 g6 24. Ne3 Bh6 25. Bxe5 Bxe3 26. Rd7+ 1-0

[Event "Medellin IRT op 17th"]
[Site "Medellin"]
[Date "2010.08.07"]
[Round "7"]
[White "Lombana, Juan Camilo"]
[Black "Rendon, Daniel"]
[Result "0-1"]
[WhiteElo "2015"]
[BlackElo "2105"]
[PlyCount "68"]
[EventDate "2010.08.04"]
[EventType "swiss"]
[EventRounds "9"]
[EventCountry "COL"]
[SourceTitle "EXT 2012"]
[Source "ChessBase"]
[SourceDate "2011.11.24"]
[SourceVersion "1"]
[SourceVersionDate "2011.11.24"]
[SourceQuality "1"]

1. e4 e5 2. Nf3 Nc6 3. Bc4 Nf6 4. d3 d6 5. h3 Be7 6. 0-0 Be6 7. Bxe6 fxe6 8. d4 exd4 9. Nxd4 Qd7 10. Re1 0-0-0 11. c4 d5 12. exd5 exd5 13. Nxc6 bxc6 14. Qa4 Bc5 15. b4 Bd4 16. Be3 Rde8 17. Nd2 Bxa1 18. Rxa1 Kd8 19. Nf3 Ne4 20. Re1 Re6 21. Qxa7 Rf8 22. cxd5 cxd5 23. Ng5 Rc6 24. Bc5 Rff6 25. Qa8+ Qc8 26. Nf7+ Rxf7 27. Qxc6 Qf5 28. f3 Nf6 29. Be7+ Rxe7 30. Qa8+ Kd7 31. Rd1 Re2 32. Qb7 Qc2 33. Rxd5+ Nxd5 34. Qxd5+ Ke7 0-1

[Event "COL-ch U16"]
[Site "Bogota"]
[Date "2010.04.01"]
[Round "7.1"]
[White "Hernandez, Oscar Eduardo"]
[Black "Rendon, Daniel"]
[Result "1/2-1/2"]
[WhiteElo "2017"]
[BlackElo "2071"]
[PlyCount "52"]
[EventDate "2010.03.29"]
[EventType "swiss"]
[EventRounds "8"]
[EventCountry "COL"]
[SourceTitle "EXT 2024"]
[Source "ChessBase"]
[SourceDate "2023.10.10"]
[SourceVersion "1"]
[SourceVersionDate "2023.10.10"]
[SourceQuality "1"]

1. e4 e5 2. Nc3 Nf6 3. Bc4 Nc6 4. d3 Bb4 5. Nge2 d5 6. exd5 Nxd5 7. 0-0 Be6 8. Nxd5 Bxd5 9. Bxd5 Qxd5 10. Nc3 Bxc3 11. bxc3 0-0 12. Be3 Rad8 13. Rb1 b6 14. c4 Qe6 15. Re1 h6 16. f4 e4 17. Bf2 f5 18. Qe2 Rfe8 19. Rbd1 Na5 20. a3 c5 21. h3 Qf7 22. dxe4 Rxd1 23. Qxd1 Rxe4 24. Rxe4 fxe4 25. Qd5 Qxd5 26. cxd5 Kf7 1/2-1/2

[Event "COL-ch U16"]
[Site "Bogota"]
[Date "2010.04.01"]
[Round "8.1"]
[White "Rendon, Daniel"]
[Black "Hernandez Sanchez, Jairo Andres"]
[Result "1-0"]
[WhiteElo "2071"]
[BlackElo "2056"]
[PlyCount "133"]
[EventDate "2010.03.29"]
[EventType "swiss"]
[EventRounds "8"]
[EventCountry "COL"]
[SourceTitle "EXT 2024"]
[Source "ChessBase"]
[SourceDate "2023.10.10"]
[SourceVersion "1"]
[SourceVersionDate "2023.10.10"]
[SourceQuality "1"]

1. e4 e5 2. Nf3 Nc6 3. Bb5 f5 4. Bxc6 dxc6 5. Nc3 Nf6 6. Qe2 Bd6 7. exf5 0-0 8. Ng5 Qe7 9. d3 Bxf5 10. Nge4 Nxe4 11. Nxe4 h6 12. Bd2 Qf7 13. 0-0 Rae8 14. a3 Qg6 15. Rae1 c5 16. Bc3 Bd7 17. Ng3 Bc6 18. Qh5 Qxh5 19. Nxh5 b6 20. Re3 g6 21. Ng3 Rf7 22. Rfe1 Rfe7 23. h4 Kh7 24. h5 g5 25. Kf1 a5 26. b3 a4 27. b4 cxb4 28. Bxb4 Rf7 29. Ne4 Bxb4 30. axb4 Kg7 31. Nc3 Rf4 32. b5 Bd7 33. Nd5 Rh4 34. c4 a3 35. Kg1 c6 36. Nxb6 cxb5 37. Nxd7 b4 38. Nc5 Rd4 39. Rxe5 Rxe5 40. Rxe5 b3 41. Nxb3 Rxd3 42. Re3 Rd1+ 43. Kh2 a2 44. Rc3 Rb1 45. Rc2 Rxb3 46. Rxa2 Rc3 47. Ra4 Kf6 48. g3 g4 49. Kg2 Kg5 50. Ra5+ Kf6 51. Rc5 Rc2 52. Kf1 Rb2 53. Rd5 Rc2 54. c5 Ke6 55. Rd6+ Kf5 56. Rxh6 Rxc5 57. Rh8 Rc1+ 58. Ke2 Rc2+ 59. Ke1 Ra2 60. h6 Ra4 61. Rg8 Ra7 62. Rg7 Ra6 63. h7 Rh6 64. Rb7 Kg6 65. Rb6+ Kxh7 66. Rxh6+ Kxh6 67. Ke2 1-0

[Event "Medellin Region U16"]
[Site "Medellin"]
[Date "2010.02.??"]
[Round "6.2"]
[White "Castano Hoyos, David"]
[Black "Rendon, Daniel"]
[Result "0-1"]
[WhiteElo "1644"]
[BlackElo "2071"]
[PlyCount "66"]
[EventDate "2010.02.03"]
[EventType "tourn"]
[EventRounds "7"]
[EventCountry "COL"]
[SourceTitle "EXT 2024"]
[Source "ChessBase"]
[SourceDate "2023.10.10"]
[SourceVersion "1"]
[SourceVersionDate "2023.10.10"]
[SourceQuality "1"]

1. e4 e5 2. Nf3 Nf6 3. Nxe5 d6 4. Nf3 Nxe4 5. d4 d5 6. Bd3 Bg4 7. h3 Bh5 8. c4 c6 9. cxd5 cxd5 10. Nc3 Nxc3 11. bxc3 Bd6 12. 0-0 0-0 13. Re1 Nd7 14. Rb1 Rb8 15. Be2 Qa5 16. Qc2 Bg6 17. Bd3 Bxd3 18. Qxd3 Qxa2 19. Bg5 f6 20. Bh4 Rfc8 21. Nd2 a6 22. Nb3 Re8 23. Red1 b5 24. Rd2 Qa4 25. Rdb2 Qc4 26. Qf5 Nb6 27. Qg4 Kh8 28. Bg3 Bxg3 29. Qxg3 Na4 30. Rc2 Rb6 31. Kh2 Rbe6 32. Na5 Qc8 33. Qf3 Qc7+ 0-1

[Event "Medellin Region U16"]
[Site "Medellin"]
[Date "2010.02.??"]
[Round "2.1"]
[White "Loaiza, Yurani"]
[Black "Rendon, Daniel"]
[Result "0-1"]
[WhiteElo "1946"]
[BlackElo "2071"]
[PlyCount "62"]
[EventDate "2010.02.03"]
[EventType "tourn"]
[EventRounds "7"]
[EventCountry "COL"]
[SourceTitle "EXT 2024"]
[Source "ChessBase"]
[SourceDate "2023.10.10"]
[SourceVersion "1"]
[SourceVersionDate "2023.10.10"]
[SourceQuality "1"]

1. e4 e5 2. Nf3 Nf6 3. Nxe5 d6 4. Nf3 Nxe4 5. d4 d5 6. Bd3 Bg4 7. 0-0 Bd6 8. h3 Bh5 9. c4 c6 10. cxd5 cxd5 11. Re1 0-0 12. Nc3 Nxc3 13. bxc3 Nd7 14. Bc2 Re8 15. Qd3 Rxe1+ 16. Nxe1 Bg6 17. Qb5 Qe8 18. Bd2 Bxc2 19. Nxc2 Nb6 20. Qxe8+ Rxe8 21. Re1 Rc8 22. Ne3 Bf4 23. Nf1 Bxd2 24. Nxd2 Kf8 25. Re3 Na4 26. Nb1 Rc6 27. Kf1 Rb6 28. Re1 Rb2 29. a3 Nb6 30. Kg1 Nc4 31. Kf1 Rxb1 0-1